NLSUI OPAC header image

Report of the high level committee on the Indian diaspora (Record no. 26521)

MARC details
000 -LEADER
fixed length control field 02377nam a2200217Ia 4500
003 - CONTROL NUMBER IDENTIFIER
control field OSt
005 - DATE AND TIME OF LATEST TRANSACTION
control field 20210727165607.0
008 - FIXED-LENGTH DATA ELEMENTS--GENERAL INFORMATION
fixed length control field 160316s2001 xxu||||| |||| 00| 0 eng d
040 ## - CATALOGING SOURCE
Transcribing agency .
082 ## - DEWEY DECIMAL CLASSIFICATION NUMBER
Classification number 305.8
Item number REP
100 ## - MAIN ENTRY--PERSONAL NAME
Personal name I C W A
245 ## - TITLE STATEMENT
Title Report of the high level committee on the Indian diaspora
260 ## - PUBLICATION, DISTRIBUTION, ETC.
Place of publication, distribution, etc. New Delhi
Name of publisher, distributor, etc. Indian Council of World Affairs
Date of publication, distribution, etc. 2001
300 ## - PHYSICAL DESCRIPTION
Extent 576p
Dimensions xlvii
365 ## - TRADE PRICE
Price amount Rs. 1,000
505 ## - FORMATTED CONTENTS NOTE
Formatted contents note PART I<br/>Letter of transmission<br/>ministry of external affairs order dated 18 august 2000<br/>foreword<br/>executive summary<br/>ackno~edgements<br/>abbreviations<br/>estimixfed size of overseas indian community: countrywise<br/>PART II<br/>Country Profiles<br/>Chapter 1 The Maldives<br/>Chapter 2 Afghanistan, Central Asia & Iran<br/>Chapter 3 The Gulf Region<br/>Chapter 4 Countries of the Gulf Region<br/>Chapter 5 Mauritius<br/>Chapter 6 Reunion<br/>Chapter 7 South Africa<br/>Chapter 8 Other Countries of Africa<br/>Chapter 9 Israel<br/>Chapter 10 The United Kingdom<br/>Chapter 11 Other Countries of Europe<br/>Chapter 12 North America<br/>Chapter 13 The United States<br/>Chapter 14 Canada<br/>Chapter 15 The Caribbean<br/>Chapter 16 Trinidad and Tobago<br/>Chapter 17 Guyana<br/>Chapter 18 Suriname<br/>Chapter 19 Other Countries of Central & South America<br/>Chapter 20 South East Asia<br/>Chapter 21 The Asia Pacific Region<br/>Chapter 22 The Fiji Archipelago<br/>Chapter 23 Other Diasporas: A Global Perspective<br/>Part III<br/>Interim Reports Submitted to the Government<br/>Chapter 24 Interim Report on the Persons of Indian<br/>Origin Card (PIO Card) Scheme<br/>Chapter 25 Interim Recommendation on Celebration<br/>of 'Pravasi Bharatiya Divas'<br/>Chapter 26 Interim Recommendation on the<br/>Institution of 'Pravasi Bharatiya Samman<br/>Awards' for the Indian Diaspora<br/>Part IV<br/>Major Issues Pertaining to the Indian Diaspora<br/>Chapter 27 Consular and Other Issues<br/>Chapter 28 Culture<br/>Chapter 29 Economic Development (Investment, International Trade,<br/>Industrial Development and Tourism)<br/>Chapter 30 Education<br/>Chapter 31 Health<br/>Chapter 32 Media<br/>Chapter 33 Science and Technology<br/>Chapter 34 Philanthropy<br/>Chapter 35 Pravasi Bharatiya Bhavan<br/>Chapter 36 Dual Citizenship<br/>Chapter 37 Diaspora Relations and Organisational Structure<br/>Part V<br/>Chapter 38 Conclusions and Recommendations
650 ## - SUBJECT ADDED ENTRY--TOPICAL TERM
Topical term or geographic name entry element 1. Indian Diaspora - Report
700 ## - ADDED ENTRY--PERSONAL NAME
Personal name
--
856 ## - ELECTRONIC LOCATION AND ACCESS
Uniform Resource Identifier <a href=" http://opac.nls.ac.in:8081/xmlui/handle/123456789/658"> http://opac.nls.ac.in:8081/xmlui/handle/123456789/658</a>
942 ## - ADDED ENTRY ELEMENTS (KOHA)
Source of classification or shelving scheme Dewey Decimal Classification
Koha item type BOOKs
Holdings
Withdrawn status Lost status Damaged status Not for loan Home library Current library Shelving location Date acquired Cost, normal purchase price Total Checkouts Full call number Barcode Date last seen Price effective from Koha item type
        . . Library Compactors 30.05.2017 1000.00   305.8 REP 23744 30.05.2017 30.05.2017 BOOKs